000 01384nam a2200229Ia 4500
999 _c36563
_d36563
001 2482
003 GE_BSU
005 20190520143919.0
008 181216s1981||||ge |||||||||||||| ||geo||
040 _cGE_BSU
041 _ageo
080 _a821.161.1 ტ–67
100 _aტოლსტოი, ლევ
_91381
245 _aანა კარენინა :
_bრომანი რვა ნაწილად. ნაწ.I-IV /
_cლევ ტოლსტოი ; თარგმანი ლარისა ტიტვინიძისა და თამარ საყვარელიძისა ;[სარედ. საბჭო : გრიგოლ აბაშიძე, მზია ბაქრაძე, ბაჩანა ბრეგვაძე და სხვ.
264 _aთბილისი :
_bსაბჭოთა საქართველო,
_c1981.
300 _a610 გვ.;
_b20 სმ.
490 _aმსოფლიო ლიტერატურის ბიბლიოთეკა ; პირველი სერია ;
_vტ.53
653 _aრუსული ლიტერატურა
700 _aტიტვინიძე, ლარისა
_eმთარგმნელი
_91382
700 _aაბაშიძე, გრიგოლ,
_dპოეტი,
_eრედაქტორი
_91383
942 _cBK
_2udc